000
00298nam a22001337a 4500
008
170527b xxu||||| |||| 00| 0 eng d
020
_a
024933019953
041
_a
eng
080
_a
62
100
_a
26
101
_a
IM
245
_a
OIL AND THE FUTURE OF ENERGY
_c
CAMPBELL, C.J
942
_2
udc
_c
BK
999
_c
14652
_d
14652